Novela autorského zákona – zmeny v licenčných zmluvách

Dňa 21. júna 2013 Národná rada SR schválila novelu zákona č. 618/2003 Z. z. o autorskom práve a právach súvisiacich s autorským právom, ktorá nadobudla účinnosť dňa 1. novembra 2013. Opätovne bola novela schválená v septembri, nakoľko ju prezident nepodpísal.

Salvato in:
Dettagli Bibliografici
Autore principale: Mičudová, Tatiana
Natura: Capitolo di libro
Lingua:slovacco
Soggetti:
Tags: Aggiungi Tag
Nessun Tag, puoi essere il primo ad aggiungerne!!

MARC

LEADER 00000naa a2200000 4500
001 0180172
005 20231208085900.6
041 0 |a slo 
044 |a SK 
245 1 0 |a Novela autorského zákona – zmeny v licenčných zmluvách  |c Tatiana Mičudová 
520 |a Dňa 21. júna 2013 Národná rada SR schválila novelu zákona č. 618/2003 Z. z. o autorskom práve a právach súvisiacich s autorským právom, ktorá nadobudla účinnosť dňa 1. novembra 2013. Opätovne bola novela schválená v septembri, nakoľko ju prezident nepodpísal. 
610 2 0 |a Slovensko 
610 2 0 |a novelizácia 
610 2 0 |a zákony 
610 2 0 |a zmluvy licenčné 
610 2 0 |a právo autorské 
100 1 |a Mičudová, Tatiana